El padre Casafús y otros cuentos / (Registro nro. 4539)

Detalles MARC
000 -LEADER
fixed length control field 00856nam a2200241Ia 4500
003 - CONTROL NUMBER IDENTIFIER
control field OSt
005 - DATE AND TIME OF LATEST TRANSACTION
control field 20250729161442.0
008 - FIXED-LENGTH DATA ELEMENTS--GENERAL INFORMATION
fixed length control field 191128t1991 ck er 000 j spa d
020 ## - INTERNATIONAL STANDARD BOOK NUMBER
International Standard Book Number 9580409498
040 ## - CATALOGING SOURCE
Original cataloging agency CO-JMCR
Transcribing agency CO-JMCR
041 ## - LANGUAGE CODE
Language code of text/sound track or separate title spa
082 04 - DEWEY DECIMAL CLASSIFICATION NUMBER
Classification number C /
Item number CARp
100 1# - MAIN ENTRY--PERSONAL NAME
Personal name Carrasquilla, Tomás,
Relator term autor
9 (RLIN) 9719
245 13 - TITLE STATEMENT
Title El padre Casafús y otros cuentos /
Statement of responsibility, etc. Tomás Carrasquilla
250 ## - EDITION STATEMENT
Edition statement 2a edición
260 ## - PUBLICATION, DISTRIBUTION, ETC.
Place of publication, distribution, etc. Bogotá :
Name of publisher, distributor, etc. Norma,
Date of publication, distribution, etc. ©1991
300 ## - PHYSICAL DESCRIPTION
Extent 199, 48 páginas ;
Dimensions 19 cm.
490 0# - SERIES STATEMENT
Series statement Cara y cruz. Literatura
500 ## - GENERAL NOTE
General note Con: A propósito de Carrasquilla y su obra
505 ## - FORMATTED CONTENTS NOTE
Formatted contents note El padre Casafús -- Simón el mago -- San antoñito -- Fulgor de un instante -- El gran premio -- En la diestra de Dios padre -- Autobiografía
650 04 - SUBJECT ADDED ENTRY--TOPICAL TERM
Topical term or geographic name entry element Crítica e interpretación de novelas colombianas
9 (RLIN) 9720
942 ## - ADDED ENTRY ELEMENTS (KOHA)
Source of classification or shelving scheme Dewey Decimal Classification
Koha item type Books
Existencias
Withdrawn status Lost status Source of classification or shelving scheme Damaged status Not for loan Collection code Home library Current library Date acquired Source of acquisition Total Checkouts Full call number Barcode Date last seen Date last checked out Copy number Koha item type
    Dewey Decimal Classification     Fiction Biblioteca Pública José María del Castillo y Rada Biblioteca Pública José María del Castillo y Rada 11/28/2019 Donación 1 J-C CARp 201809413 03/11/2024 03/11/2024 Ej.1 Books